| 000 | 00352nam a22001337a 4500 | ||
|---|---|---|---|
| 999 |
_c534485 _d534485 |
||
| 003 | NUST | ||
| 038 | _awaseem | ||
| 082 |
_a891.411 _bANS |
||
| 100 |
_aAnsari, Muhammad Akram _928644 |
||
| 245 |
_aShah Latif and the Modern World / _cMuhammad Akram Ansari |
||
| 260 |
_aKarachi : _bSindhi Language Authority, _c2003. |
||
| 300 | _a67 p. | ||
| 942 |
_2ddc _cBK |
||